000 00287nam a2200097Ia 4500
001 647114
005 20250826153656.0
008 250824s9999 xx 000 0 und d
245 0 _aŞİRİN İŞ BAŞINDA 2 ÖNMELİ NUMARALARLA BAŞIM DERTTE
_cBİRSEN EKİM ÖZEN
260 _bTİMAŞ ÇOCUK
999 _c647114
_d647114